5 Most difficult languages to learn. Quiz Stats

Quiz not verified by Sporcle

Challenge
Share
Tweet
Embed
Score 0/5 Timer 02:00
0 Plays Today
WHAT MAKES IT SO DIFFICULT LANGUAGE % Correct
It is a tonal language, in which meaning changes as you change the tone of a word. Also, thousands of characters and a complex writing systemChinese
91.8%
Similar to #2 this languages learners need to memorize thousands of characters. Three different writing systems and two syllabary systems Japanese
89.1%
It has very few words that resemble those of European languages. Written, it also uses fewer vowels, which can be extremely difficult for those learning to read the languageArabic
56.4%
Different sentence structure, syntax, and verb conjugations make learning this language extremely difficult for those who come from a European background. Written. it also relies oKorean
48.6%
It has masculine, feminine and neuter genders as well as about 7 different verb conjugations. It is also one of a handful of “independent” languages, meaning no one really knowHungarian
21.8%

You're not logged in!

Compare scores with friends on all Sporcle quizzes.
Join for Free
OR
Log In

You Might Also Like...

Show Comments

Extras

Created Mar 11, 2012SourceReportNominate
Tags:5 Most, difficult, learn

Top Quizzes Today


Score Distribution

Your Account Isn't Verified!

In order to create a playlist on Sporcle, you need to verify the email address you used during registration. Go to your Sporcle Settings to finish the process.

Report this User

Report this user for behavior that violates our Community Guidelines.

Details: